Financovanie slovenského školstva v procese reformy bakalárska práca

Gespeichert in:
Bibliographische Detailangaben
1. Verfasser: Cabániková, Andrea
Körperschaft: Národohospodárska fakulta EU. Katedra financií
Weitere Verfasser: Gertler, Ľubomíra, 1977-
Format: Buch
Sprache:Slowakisch
Veröffentlicht: Bratislava 2011
Tags: Tag hinzufügen
Keine Tags, Fügen Sie das erste Tag hinzu!

MARC

LEADER 00000nbm a2200000 4500
001 0139919
005 20161109111654.0
041 0 |a slo 
044 |a SK 
245 1 0 |a Financovanie slovenského školstva v procese reformy  |b bakalárska práca  |c Andrea Cabániková ; školiteľ: Ľubomíra Gertler 
264 1 |a Bratislava  |c 2011 
300 |a 43 s. 
100 1 |a Cabániková, Andrea 
700 1 |a Gertler, Ľubomíra, 1977- 
710 2 |a Národohospodárska fakulta EU. Katedra financií